| 000 | 00889cam a2200301 a 4500 | ||
|---|---|---|---|
| 001 | 000003843 | ||
| 003 | DO-SdBNP | ||
| 005 | 20220922111855.0 | ||
| 007 | ta | ||
| 008 | 790820s1985 sp 000 f spa | ||
| 020 | _a8432082678 | ||
| 020 | _a8432082007 | ||
| 040 |
_aDO-SdBNP _cBNPHU _bspa |
||
| 082 | 4 |
_a813.54 _bG231p _222 |
|
| 100 | 1 |
_aGarfield, Brian, _d1939- _911618 |
|
| 240 | 1 | 4 |
_aThe Paladin. _lEspañol. |
| 245 | 1 | 3 |
_aEl paladín / _cBrian Garfield ; traducción César Armando Gómez. |
| 260 |
_aBarcelona : _bPlaneta, _c1985. |
||
| 300 |
_a345 p. ; _c19 cm. |
||
| 490 | 1 |
_aBestSellers Planeta _v62 |
|
| 534 |
_aTítulo original: _tThe Paladin. |
||
| 650 | 4 |
_aNovela estadounidense _9262 |
|
| 650 | 4 |
_aLiteratura estadounidense _9263 |
|
| 700 | 1 |
_aGómez, César Armando, _etr. _911619 |
|
| 830 | 0 |
_aBestSellers Planeta; _911620 _n62 |
|
| 910 | _aDG | ||
| 942 |
_2ddc _cLBS1 |
||
| 999 |
_c3665 _d3665 |
||